| 000 | 00529nam a22001937a 4500 | ||
|---|---|---|---|
| 005 | 20260423164844.0 | ||
| 008 | 260423b |||||||| |||| 00| 0 eng d | ||
| 020 |
_a9789354661075 _c995.00 |
||
| 040 | _aMAIN | ||
| 082 |
_a660.6 _bSEN |
||
| 100 |
_aSengar R. S. _921074 |
||
| 245 |
_aObjective Biotechnology _b : For Competitive Examinations |
||
| 250 | _a2nd | ||
| 260 |
_aNew Delhi _bCBS Publishers _c2023 |
||
| 300 | _a743 | ||
| 650 |
_aEnvironment Science (PM USHA) _926725 |
||
| 700 |
_aAmit, Kumar _926025 |
||
| 942 | _cBK | ||
| 999 |
_c60723 _d60723 |
||